1826 1621 1848 1894 1137 1526 1628 1996 1898 1433 1886 1291 1838 1441 1677 1882 1651 1049 1008 1252 1366 1730 1094 1258 1666 1245 1929 1943 1460 1811 1128 1639 1195 1276 1631 1349 1308 1991 1803 1394 1941 1020 1176 1635 1346 1773 1138 1253 1100 1536 1059 1727 1964 1770 1966 1235 1804 1775 1219 1615 1856 1040 1800 1327 1824 1631 1749 1250 1075 1478 1184 1947 1971 1967 1131 1756 1971 1981 1089 1671 1170 1797 1660 1631 1067 1776 1823 1239 1444 1983 1789 1561 1534 1530 1849 1538 1503 1938 1381 BCNSPRNW ULIB Ver.6.0+V

เปลี่ยนเป็นภาษาไทย

Change to English
 แสดงรายละเอียดบรรณานุกรม
  กลับหน้าหลัก

Brief Record : Get Marc (ISO 2709) : E-mail record : QR code < ปิดหน้าต่าง
LEADER : 00000nam 2200000uu 4500
001    13399128982
003     ULIB
008    241204s2567||||th 000 0 tha d
020    ^a9786161153021
060    ^aWY16^bก227
245    ^aการจัดการความรู้ สู่องค์กรแห่งการเรียนรู้ = KM for learning organization ปีการศึกษา 2566 "พันธกิจด้านพัฒนาองค์กร"
250    ^aพิมพ์ครั้งที่ 4
260    ^aเชียงใหม่ :^bธนุชพริ้นติ้ง,^c2567
300    ^a183 หน้า;^c23 ซม.
650    ^aการจัดการความรู้ -- คู่มือ
700 0  ^aอมาวสี อัมพันศิริรัตน์, บรรณาธิการ
945    ^p0^l0^i011212
999    ^aประนอม เกษจรัล
รายการนี้ยังไม่มีแท็ก
คุณยังไม่ได้ล็อกอิน คุณสามารถมีกิจกรรมร่วมกับเว็บไซต์ได้ แต่ต้องล็อกอินก่อน ::
  ล็อกอิน

รายการสื่อสารสนเทศ

ลำดับที่ ประเภท เลขเรียก/บาร์โค้ด สถานที่ สถานะ
1. Book การพยาบาล
Book การพยาบาล
WY16 ก227 ฉ.1 
  Barcode: 011212
ห้องสมุดวิทยาเขตสวรรค์ประชารักษ์
►หนังสือทั่วไป
บนชั้น

รายการใกล้เคียง
    หัวเรื่อง [การจัดการความรู้ -- คู่มือ]

BibComment


ยังไม่เคยถูกคอมเมนท์

คอมเมนท์ทรัพยากรรายการนี้
  คอมเมนท์: การจัดการความรู้..


 Copyright 2026. Bcnsprnw @Library